[Event "World Cities Team KO"]
[Site "Al-Ain UAE"]
[Date "2012.12.25"]
[Round "1.18"]
[White "Markus, Robert"]
[Black "Beliavsky, Alexander G"]
[Result "1/2-1/2"]
[WhiteTitle "GM"]
[BlackTitle "GM"]
[WhiteElo "2619"]
[BlackElo "2630"]
[WhiteTeam "Novi Sad"]
[BlackTeam "Ptuj"]
[WhiteFideId "921637"]
[BlackFideId "14602377"]
[EventDate "2012.12.22"]

1. d4 Nf6 2. c4 e6 3. Nc3 Bb4 4. e3 O-O 5. Ne2 d5 6. a3 Bd6 7. c5 Be7 8. b4 b6
9. Nf4 a5 10. Bd2 c6 11. Na4 Nbd7 12. cxb6 Nxb6 13. Nxb6 Qxb6 14. bxa5 Qa7 15.
Be2 Bd8 16. O-O Bxa5 17. Bxa5 Qxa5 18. Qc2 Ba6 19. Rfc1 Rfc8 20. Bxa6 Rxa6 21.
Nd3 Nd7 22. a4 Rb8 23. g3 h6 24. Ra3 Qc7 25. Nc5 Nxc5 26. Qxc5 Rba8 27. Kg2 Rxa4
28. Rxa4 Rxa4 29. Qxc6 Qxc6 30. Rxc6 g5 1/2-1/2

[Event "World Cities Team KO"]
[Site "Al-Ain UAE"]
[Date "2012.12.25"]
[Round "1.19"]
[White "Borisek, Jure"]
[Black "Perunovic, Milos"]
[Result "1/2-1/2"]
[WhiteTitle "GM"]
[BlackTitle "GM"]
[WhiteElo "2560"]
[BlackElo "2614"]
[WhiteTeam "Ptuj"]
[BlackTeam "Novi Sad"]
[WhiteFideId "14603152"]
[BlackFideId "921629"]
[EventDate "2012.12.22"]

1. e4 c5 2. Nf3 Nc6 3. Bb5 Nf6 4. Nc3 Qc7 5. O-O Nd4 6. Re1 a6 7. Bf1 d6 8. Nxd4
cxd4 9. Ne2 e5 10. c3 dxc3 11. Nxc3 Bg4 12. Be2 Bxe2 13. Rxe2 Be7 14. d4 h6 15.
Be3 O-O 16. Rc2 Rac8 17. Rac1 Qb8 18. h3 b5 19. dxe5 dxe5 20. Nd5 Nxd5 21. Qxd5
Rxc2 22. Rxc2 Rc8 23. Ba7 Qa8 24. Qxa8 Rxa8 25. Rc7 Bd8 26. Rb7 Rc8 27. Rb8 Rxb8
28. Bxb8 f6 29. Ba7 Kf7 30. Kf1 Ke6 1/2-1/2

[Event "World Cities Team KO"]
[Site "Al-Ain UAE"]
[Date "2012.12.25"]
[Round "1.20"]
[White "Popovic, Dusan"]
[Black "Skoberne, Jure"]
[Result "0-1"]
[WhiteTitle "GM"]
[BlackTitle "GM"]
[WhiteElo "2579"]
[BlackElo "2549"]
[WhiteTeam "Novi Sad"]
[BlackTeam "Ptuj"]
[WhiteFideId "927031"]
[BlackFideId "14604299"]
[EventDate "2012.12.22"]

1. e4 d6 2. d4 Nf6 3. Nc3 g6 4. Nf3 Bg7 5. Be3 a6 6. a4 Nc6 7. h3 O-O 8. Be2 e5
9. dxe5 dxe5 10. Qxd8 Rxd8 11. Bc4 Be6 12. Bxe6 fxe6 13. Rd1 Ne8 14. Bg5 Rd6 15.
Nb1 b5 16. axb5 axb5 17. c3 Ra2 18. Bc1 Na5 19. Rxd6 Nxd6 20. Nbd2 Nac4 21. Nxc4
Nxc4 22. O-O Nxb2 23. Bxb2 Rxb2 24. Rd1 Bf6 25. g4 Rb3 26. g5 Rxc3 27. gxf6 Rxf3
28. Rc1 Rxf6 29. Rc5 b4 30. Rb5 Rf3 31. Rxb4 Rc3 32. Kg2 Kf7 33. Rb8 h5 34. h4
c5 35. Rb7+ Kf6 36. f3 Rc2+ 37. Kg3 c4 38. Rc7 c3 39. f4 Rc1 40. Rc5 exf4+ 41.
Kxf4 c2 0-1

[Event "World Cities Team KO"]
[Site "Al-Ain UAE"]
[Date "2012.12.25"]
[Round "1.21"]
[White "Papaioannou, Ioannis"]
[Black "Short, Nigel D"]
[Result "1-0"]
[WhiteTitle "GM"]
[BlackTitle "GM"]
[WhiteElo "2618"]
[BlackElo "2692"]
[WhiteTeam "Athens"]
[BlackTeam "London"]
[WhiteFideId "4201345"]
[BlackFideId "400025"]
[EventDate "2012.12.22"]

1. d4 e6 2. g3 c5 3. Nf3 b5 4. c3 Bb7 5. Bg2 h6 6. O-O Nf6 7. Bf4 Be7 8. a4 cxd4
9. axb5 dxc3 10. Nxc3 O-O 11. Bd6 a6 12. Ne5 Bxg2 13. Kxg2 Nd5 14. Nc4 Bxd6 15.
Nxd6 Nb6 16. bxa6 Rxa6 17. Rxa6 Nxa6 18. Qd4 Qb8 19. Ra1 Nc7 20. e4 Nc8 21. Nxc8
Qxc8 22. b4 d5 23. b5 dxe4 24. Qxe4 Ne8 25. Qf3 Qc5 26. Rb1 Nd6 27. Ne4 Nxe4 28.
Qxe4 Rb8 29. Qd3 Qc7 30. Kg1 Rb6 31. h4 h5 32. Qd4 g6 33. Kh2 e5 34. Qe3 Kg7 35.
Rc1 Qd6 36. Rc5 e4 37. Kg2 Qd3 38. Qxd3 exd3 39. Kf1 Kf6 40. Ke1 Re6+ 41. Kd2
Re2+ 42. Kxd3 Rxf2 43. Kc4 Rb2 44. Kd5 Kf5 45. Kc6+ Kg4 46. Rg5+ Kh3 47. b6 Rc2+
48. Rc5 Re2 49. b7 Re8 50. Rg5 Rg8 51. Kb6 f6 52. Rxg6 Rxg6 53. b8=Q Rxg3 54.
Qf4 f5 55. Kc5 Rg4 56. Qf2 f4 57. Kd5 Rxh4 58. Ke5 Rg4 59. Kf5 Rg3 60. Qf1+ Kh2
61. Qxf4 Kg2 62. Qe4+ Kf2 63. Qh4 Kg2 64. Qxh5 Kf2 65. Kf4 Rc3 66. Qd5 Ke2 67.
Qd4 Rd3 68. Qb2+ Kd1 69. Ke4 Rh3 70. Qa1+ Ke2 71. Qa6+ Kf2 72. Qb6+ Kf1 73. Kf4
Rc3 74. Qb2 Rh3 75. Qd2 Rh6 76. Qc1+ Ke2 77. Qc2+ Ke1 78. Kg3 Rd6 79. Qf2+ Kd1
80. Qf1+ Kc2 81. Qc4+ Kd1 82. Kf3 Rd2 83. Qa4+ Kc1 84. Ke3 Rb2 85. Qc4+ Rc2 86.
Qb4 Rc8 87. Kd3 Rc6 88. Qa3+ Kb1 89. Qb3+ Kc1 90. Qa4 Rd6+ 91. Kc3 Rd3+ 92. Kxd3 1-0

[Event "World Cities Team KO"]
[Site "Al-Ain UAE"]
[Date "2012.12.25"]
[Round "1.23"]
[White "Halkias, Stelios"]
[Black "Williams, Simon K"]
[Result "1-0"]
[WhiteTitle "GM"]
[BlackTitle "GM"]
[WhiteElo "2561"]
[BlackElo "2515"]
[WhiteTeam "Athens"]
[BlackTeam "London"]
[WhiteFideId "4201809"]
[BlackFideId "404454"]
[EventDate "2012.12.22"]

1. d4 e6 2. g3 f5 3. Bg2 Nf6 4. c4 Be7 5. Nc3 O-O 6. Nh3 d6 7. Nf4 e5 8. dxe5
dxe5 9. Qxd8 Bxd8 10. Ne6 Re8 11. Nxd8 Rxd8 12. Bg5 c6 13. f4 exf4 14. Bxf6 gxf6
15. gxf4 Be6 16. b3 Na6 17. Rd1 Rxd1+ 18. Kxd1 Kf7 19. Kc1 Rg8 20. Bf3 Nc5 21.
Kc2 Ke7 22. e3 Rg6 23. Ne2 Ne4 24. Rg1 Nf2 25. Ng3 Rh6 26. Rg2 Ng4 27. Bxg4 fxg4
28. f5 Bd7 29. c5 Rh3 30. Kd3 h5 31. Ke4 b6 32. b4 bxc5 33. bxc5 Bc8 34. Kf4 Ba6
35. a4 Bc4 36. Rb2 a5 37. e4 Kf7 38. e5 fxe5+ 39. Kg5 Bd5 40. f6 h4 41. Rb7+ Ke8
42. Nf5 Rxh2 43. Nd6+ Kd8 44. f7 Rf2 45. Kxh4 e4 46. Rb8+ Ke7 47. Re8+ Kd7 48.
f8=Q Rxf8 49. Rxf8 e3 50. Kg3 1-0

[Event "World Cities Team KO"]
[Site "Al-Ain UAE"]
[Date "2012.12.25"]
[Round "1.24"]
[White "Zhou, Yang-Fan"]
[Black "Tzermiadianos, Andreas"]
[Result "1/2-1/2"]
[WhiteTitle "IM"]
[BlackTitle "IM"]
[WhiteElo "2419"]
[BlackElo "2434"]
[WhiteTeam "London"]
[BlackTeam "Athens"]
[WhiteFideId "468584"]
[BlackFideId "4200853"]
[EventDate "2012.12.22"]

1. e4 d5 2. exd5 Qxd5 3. Nc3 Qa5 4. Bc4 Nf6 5. d3 Bg4 6. Ne2 Nbd7 7. Bd2 Qb6 8.
Be3 Bxe2 9. Nxe2 Qd6 10. O-O Ng4 11. Ng3 h5 12. Re1 O-O-O 13. h3 Nxe3 14. Rxe3
h4 15. Ne4 Qg6 16. Qg4 Qxg4 17. hxg4 Ne5 18. Ng5 Nxg4 19. Nxf7 Nxe3 20. fxe3 Rh6
21. Nxh6 gxh6 22. Rf1 Bg7 23. Rf7 Bf6 24. Be6+ Kb8 25. d4 c6 26. c3 Bg5 27. e4
Kc7 28. e5 b5 29. Kf2 b4 30. Kf3 bxc3 31. bxc3 Rb8 32. Bb3 a5 33. c4 Rb4 34. d5
a4 35. Bc2 Kb6 36. Bd3 Kc5 37. d6 exd6 38. e6 Kd4 39. Bg6 Rxc4 40. Kf2 Rc5 41.
Ra7 Ke5 42. Bf7 Rc2+ 43. Kf3 Rc3+ 44. Kf2 Rc2+ 45. Kf1 Rc1+ 46. Kf2 Rc2+ 1/2-1/2

[Event "World Cities Team KO"]
[Site "Al-Ain UAE"]
[Date "2012.12.25"]
[Round "1.27"]
[White "Barsov, Alexei"]
[Black "Ismagambetov, Anuar"]
[Result "1-0"]
[WhiteTitle "GM"]
[BlackTitle "GM"]
[WhiteElo "2510"]
[BlackElo "2463"]
[WhiteTeam "Tashkent"]
[BlackTeam "Astana"]
[WhiteFideId "14200082"]
[BlackFideId "13701525"]
[EventDate "2012.12.22"]

1. d4 Nf6 2. c4 e6 3. Nc3 c5 4. Nf3 cxd4 5. Nxd4 Nc6 6. g3 Qb6 7. Nb3 a5 8. Bg2
a4 9. Nd2 Bb4 10. Nxa4 Qa5 11. b3 d5 12. a3 Be7 13. cxd5 exd5 14. Bb2 O-O 15.
O-O Bg4 16. h3 Be6 17. e3 Rfd8 18. Nf3 b5 19. Nc3 b4 20. axb4 Qxb4 21. Ne2 Rxa1
22. Bxa1 Bd7 23. Nf4 Be6 24. Ng5 Qd6 25. Qc2 Nb4 26. Qb1 h6 27. Ngxe6 fxe6 28.
Ng6 Nd7 29. e4 Bf6 30. Bxf6 gxf6 31. exd5 exd5 32. Nh4 Ne5 33. Nf5 Qd7 34. Rd1
Kf8 35. Rd4 Ned3 36. Ne3 Rc8 37. Rxd3 Nxd3 38. Qxd3 d4 39. Nd5 1-0

[Event "World Cities Team KO"]
[Site "Al-Ain UAE"]
[Date "2012.12.25"]
[Round "1.28"]
[White "Kuderinov, Kirill"]
[Black "Iuldachev, Saidali"]
[Result "0-1"]
[WhiteTitle "IM"]
[BlackTitle "GM"]
[WhiteElo "2452"]
[BlackElo "2455"]
[WhiteTeam "Astana"]
[BlackTeam "Tashkent"]
[WhiteFideId "13701568"]
[BlackFideId "14200104"]
[EventDate "2012.12.22"]

1. e4 e5 2. Nf3 Nc6 3. Bb5 Nf6 4. d3 Bc5 5. c3 O-O 6. Bg5 d6 7. Nbd2 Qe7 8. O-O
Bb6 9. Nc4 Nd8 10. Ne3 c6 11. Ba4 Ne6 12. Nf5 Qd8 13. Be3 Bc7 14. Bc2 d5 15. h3
Re8 16. Re1 Nf8 17. Nh2 Bxf5 18. exf5 Qd7 19. g4 e4 20. Nf1 h6 21. dxe4 Nxe4 22.
Qf3 Nh7 23. c4 Qe7 24. cxd5 cxd5 25. Qg2 Qh4 26. Bxe4 dxe4 27. Ng3 Qe7 28. Rac1
Rac8 29. Red1 Ng5 30. Bxg5 hxg5 31. Re1 Qb4 32. Nxe4 Qxb2 33. Rb1 Qxa2 34. Nxg5
Bb6 35. Ne4 Rxe4 36. Qxe4 Qxf2+ 37. Kh1 Rc2 0-1

[Event "World Cities Team KO"]
[Site "Al-Ain UAE"]
[Date "2012.12.25"]
[Round "1.29"]
[White "Miezis, Normunds"]
[Black "Grandelius, Nils"]
[Result "1/2-1/2"]
[WhiteTitle "GM"]
[BlackTitle "GM"]
[WhiteElo "2596"]
[BlackElo "2583"]
[WhiteTeam "Riga"]
[BlackTeam "Lund-Linkoping"]
[WhiteFideId "11600136"]
[BlackFideId "1710400"]
[EventDate "2012.12.22"]

1. c4 e5 2. g3 c6 3. d4 e4 4. Nc3 d5 5. Bg2 Bb4 6. cxd5 cxd5 7. Nh3 Nc6 8. O-O
Nge7 9. f3 exf3 10. exf3 O-O 11. Nf4 Ba5 12. Be3 Nf5 13. Bf2 Bb6 14. Nfxd5 Bxd4
15. Bxd4 Nfxd4 16. f4 Be6 17. Rf2 Qd6 18. b4 Rad8 19. Rd2 Bxd5 20. Nxd5 Nf5 21.
a3 Ne3 22. Qf3 Nxg2 23. Kxg2 a5 24. b5 Qc5 25. bxc6 bxc6 26. Rad1 cxd5 27. Rxd5
Qc7 28. f5 Rxd5 29. Qxd5 Re8 30. Rd2 h6 31. f6 gxf6 32. Qf3 Qe5 33. Qg4+ Qg5 34.
Qd4 Re3 35. a4 Re4 36. Qxe4 Qxd2+ 37. Kh3 Kg7 38. Qg4+ Qg5 39. Qe4 h5 40. Kg2
Qe5 41. Kf3 Qc3+ 42. Kg2 Qb2+ 43. Kg1 Qb4 44. Qc2 Qd4+ 45. Kg2 Qd5+ 46. Kf2 Qe5
47. Kf3 Qd4 48. h4 Qg4+ 49. Kf2 Qe6 50. Kf3 Qd5+ 51. Kf2 Qe5 52. Qc4 f5 53. Qf4
Qb2+ 54. Ke3 Qc3+ 55. Kf2 Qb2+ 56. Ke3 Qc3+ 1/2-1/2

[Event "World Cities Team KO"]
[Site "Al-Ain UAE"]
[Date "2012.12.25"]
[Round "1.30"]
[White "Tikkanen, Hans"]
[Black "Neiksans, Arturs"]
[Result "1-0"]
[WhiteTitle "GM"]
[BlackTitle "GM"]
[WhiteElo "2575"]
[BlackElo "2534"]
[WhiteTeam "Lund-Linkoping"]
[BlackTeam "Riga"]
[WhiteFideId "1706446"]
[BlackFideId "11601388"]
[EventDate "2012.12.22"]

1. d4 d5 2. c4 c6 3. Nf3 Nf6 4. Nc3 a6 5. c5 g6 6. h3 Bg7 7. Bf4 Nbd7 8. e3 Ne4
9. Nxe4 dxe4 10. Ng5 Qa5+ 11. Qd2 Qxd2+ 12. Kxd2 e5 13. dxe5 Nxe5 14. Nxe4 O-O
15. Bg5 f6 16. Bf4 Be6 17. Bxe5 fxe5 18. Bd3 Bd5 19. Ke2 Bxe4 20. Bxe4 Rad8 21.
h4 Rd7 22. Rad1 Rfd8 23. Rxd7 Rxd7 24. b4 Bf8 25. h5 gxh5 26. Rxh5 Re7 27. Bf5
h6 28. Rh1 b6 29. Rc1 Rb7 30. Bc8 Rb8 31. Bxa6 bxc5 32. bxc5 Ra8 33. Bc4+ Kg7
34. Bb3 Ra5 35. Kf3 Rxc5 36. Rxc5 Bxc5 37. Ba4 Kf6 38. Bxc6 Ba3 39. Ke4 Ke6 40.
Bd5+ Kf6 41. Bc4 Bb4 42. a4 Be1 43. g3 Ke7 44. f4 Bxg3 45. Kxe5 h5 46. a5 Kd7
47. a6 Kc7 48. Ke6 h4 49. f5 Bf2 50. e4 h3 51. Bd5 Kb6 52. Bb7 h2 53. e5 Bd4 54.
f6 h1=Q 55. Bxh1 Kxa6 56. f7 Bc5 57. Kd7 1-0

[Event "World Cities Team KO"]
[Site "Al-Ain UAE"]
[Date "2012.12.25"]
[Round "1.31"]
[White "Sveshnikov, Evgeny"]
[Black "Carlsson, Pontus"]
[Result "1/2-1/2"]
[WhiteTitle "GM"]
[BlackTitle "GM"]
[WhiteElo "2514"]
[BlackElo "2518"]
[WhiteTeam "Riga"]
[BlackTeam "Lund-Linkoping"]
[WhiteFideId "4100638"]
[BlackFideId "1705814"]
[EventDate "2012.12.22"]

1. e4 c5 2. c3 d5 3. exd5 Qxd5 4. Nf3 g6 5. Na3 Nf6 6. Bc4 Qe4+ 7. Be2 Bg7 8.
O-O O-O 9. Re1 Nc6 10. d4 cxd4 11. Nxd4 Nxd4 12. cxd4 Rd8 13. Nb5 a6 14. Bf3 Qh4
15. g3 Qh3 16. Bg2 Qg4 17. Qxg4 Bxg4 18. Nc3 Rd7 19. Bf4 Rc8 20. Be5 b5 21. Rac1
Be6 22. b3 h6 23. h3 h5 24. Ne2 Rxc1 25. Nxc1 Bd5 26. Nd3 Bxg2 27. Kxg2 Nd5 28.
Rc1 Bxe5 29. Nxe5 Rd6 30. a4 bxa4 31. bxa4 1/2-1/2

[Event "World Cities Team KO"]
[Site "Al-Ain UAE"]
[Date "2012.12.25"]
[Round "1.32"]
[White "Smith, Axel"]
[Black "Starostits, Ilmars"]
[Result "0-1"]
[WhiteTitle "IM"]
[BlackTitle "GM"]
[WhiteElo "2484"]
[BlackElo "2468"]
[WhiteTeam "Lund-Linkoping"]
[BlackTeam "Riga"]
[WhiteFideId "1707930"]
[BlackFideId "11600748"]
[EventDate "2012.12.22"]

1. d4 Nf6 2. Nf3 e6 3. c4 b6 4. a3 Ba6 5. e3 c5 6. Nc3 Be7 7. Be2 O-O 8. d5 exd5
9. cxd5 Bxe2 10. Qxe2 Re8 11. O-O a6 12. Rd1 b5 13. b4 cxb4 14. axb4 Bxb4 15.
Nxb5 Ne4 16. Qc2 Ba5 17. Nbd4 Ra7 18. Bb2 Rc7 19. Qb3 Bc3 20. Rdc1 Qc8 21. Rab1
d6 22. Ne2 Bxb2 23. Qxb2 Nd7 24. Nd2 Nec5 25. Nb3 Nf6 26. Nxc5 Rxc5 27. Nf4 h6
28. Qa3 Qf5 29. Qxa6 g5 30. Qd3 Ne4 31. Rxc5 dxc5 32. Nh3 c4 33. Qc2 Qxd5 34.
Rd1 Qc6 35. f3 Nd6 36. e4 c3 37. Nf2 Rb8 38. Nd3 Nb5 39. Rc1 Nd4 40. Qf2 Qc4 41.
Qe3 c2 42. Kf2 Rb3 43. Ne5 Qc5 44. Nd7 Qd6 45. Qd2 Qxd7 46. Rxc2 Qa7 47. Rc8+
Kg7 48. Kg3 Qd7 49. Rc2 Qd6+ 50. Kf2 Qb6 0-1

[Event "World Cities Team KO"]
[Site "Al-Ain UAE"]
[Date "2012.12.26"]
[Round "2.2"]
[White "Lysyj, Igor"]
[Black "Sokolov, Ivan"]
[Result "1/2-1/2"]
[WhiteTitle "GM"]
[BlackTitle "GM"]
[WhiteElo "2617"]
[BlackElo "2667"]
[WhiteTeam "Saratov"]
[BlackTeam "Hoogeveen"]
[WhiteFideId "4150120"]
[BlackFideId "14400030"]
[EventDate "2012.12.22"]

1. d4 d5 2. c4 e6 3. Nf3 Nf6 4. Nc3 Nbd7 5. cxd5 exd5 6. Qc2 c6 7. Bg5 Be7 8. e3
Nh5 9. Bxe7 Qxe7 10. O-O-O Nb6 11. h3 g6 12. Bd3 Ng7 13. g4 Be6 14. Kb1 O-O-O
15. Na4 Nxa4 16. Qxa4 Kb8 17. Rc1 Ne8 18. Rc3 Nd6 19. Rhc1 Nc4 20. Bxc4 dxc4 21.
Ne5 h5 22. Nxc4 hxg4 23. hxg4 Bxg4 24. Na5 Ka8 25. Ka1 Be2 26. Qc2 Bf3 27. Rb3
Rd7 28. Nc4 Bd5 29. Rc3 Qe4 30. Qa4 Bxc4 31. Qxc4 Rh1 32. Qc5 a6 33. a3 Rh5 34.
Qf8+ Ka7 35. Rc5 Rf5 36. Rxf5 Qxf5 37. Qc5+ Qxc5 38. Rxc5 Rd5 39. Rxd5 cxd5 40.
Kb1 Kb6 41. Kc2 g5 42. Kd3 f5 43. b3 Kb5 44. Kc3 Kc6 45. Kb4 b6 46. Kc3 Kd6 47.
Kd3 Ke6 48. Ke2 g4 49. f4 Kd6 50. b4 Ke6 51. a4 Kf6 52. Kf2 Kg6 53. Kg2 Kh6 54.
b5 axb5 55. axb5 1/2-1/2

[Event "World Cities Team KO"]
[Site "Al-Ain UAE"]
[Date "2012.12.26"]
[Round "2.4"]
[White "Iljushin, Alexei"]
[Black "Smeets, Jan"]
[Result "1-0"]
[WhiteTitle "GM"]
[BlackTitle "GM"]
[WhiteElo "2505"]
[BlackElo "2614"]
[WhiteTeam "Saratov"]
[BlackTeam "Hoogeveen"]
[WhiteFideId "4122178"]
[BlackFideId "1007246"]
[EventDate "2012.12.22"]

1. d4 d5 2. c4 e6 3. Nf3 Nf6 4. g3 dxc4 5. Bg2 a6 6. O-O Nc6 7. e3 Rb8 8. Nfd2
e5 9. Bxc6+ bxc6 10. dxe5 Ng4 11. Nxc4 Be6 12. Nbd2 Bb4 13. b3 h5 14. Bb2 h4 15.
Nf3 hxg3 16. hxg3 Qxd1 17. Rfxd1 Bd5 18. Rxd5 cxd5 19. Na3 a5 20. Nc2 a4 21. Kg2
Bf8 22. Ncd4 Kd7 23. Rd1 c5 24. Ne2 axb3 25. axb3 Kc6 26. Rc1 Be7 27. Ba3 Rhc8
28. Nf4 Bf8 29. Rc3 Nh6 30. b4 c4 31. Nd4+ Kd7 32. Nxd5 Ng8 33. b5 Bxa3 34. Rxa3
Rb7 35. f4 Rc5 36. Nc3 Ne7 37. Ra6 Nc8 38. Kf3 Ra7 39. Rxa7+ Nxa7 40. Ke4 Nc8
41. Na4 1-0

[Event "World Cities Team KO"]
[Site "Al-Ain UAE"]
[Date "2012.12.26"]
[Round "2.7"]
[White "Barsov, Alexei"]
[Black "Halkias, Stelios"]
[Result "1/2-1/2"]
[WhiteTitle "GM"]
[BlackTitle "GM"]
[WhiteElo "2510"]
[BlackElo "2561"]
[WhiteTeam "Tashkent"]
[BlackTeam "Athens"]
[WhiteFideId "14200082"]
[BlackFideId "4201809"]
[EventDate "2012.12.22"]

1. d4 d5 2. c4 e6 3. Nc3 Be7 4. Nf3 Nf6 5. cxd5 exd5 6. Bg5 c6 7. Qc2 g6 8. e4
dxe4 9. Bxf6 Bxf6 10. Qxe4+ Kf8 11. Bc4 Kg7 12. O-O Re8 13. Qf4 Be6 14. Bxe6
Rxe6 15. Rfe1 Qd6 16. Qxd6 Rxd6 17. Ne4 Rd8 18. Nxf6 Kxf6 19. Re4 Na6 20. Rae1
Rd7 21. Ne5 Rc7 22. a3 Kg7 23. Kf1 Re8 24. Nf3 Rxe4 25. Rxe4 Kf8 26. Ke2 Re7 27.
Kd3 Nc7 28. Rxe7 Kxe7 29. Ne5 f6 30. Nc4 b6 31. h4 Ke6 32. g3 Nd5 33. Ke4 h5 34.
Nd2 Ne7 35. Kd3 g5 36. Ne4 gxh4 37. gxh4 Nf5 38. a4 a5 39. Kc4 Nd6+ 40. Kd3 Nf5
41. Kc4 Nxh4 42. Ng3 Nf5 43. Nxh5 Nd6+ 44. Kd3 Kf5 45. f3 Ne8 46. Ke3 Nc7 47.
Ng3+ Ke6 48. Ke4 Nd5 1/2-1/2

[Event "World Cities Team KO"]
[Site "Al-Ain UAE"]
[Date "2012.12.26"]
[Round "2.8"]
[White "Tzermiadianos, Andreas"]
[Black "Iuldachev, Saidali"]
[Result "0-1"]
[WhiteTitle "IM"]
[BlackTitle "GM"]
[WhiteElo "2434"]
[BlackElo "2455"]
[WhiteTeam "Athens"]
[BlackTeam "Tashkent"]
[WhiteFideId "4200853"]
[BlackFideId "14200104"]
[EventDate "2012.12.22"]

1. e4 e5 2. Nf3 Nc6 3. Bc4 Nf6 4. d4 exd4 5. e5 Ng4 6. O-O Be7 7. Re1 d6 8. exd6
Qxd6 9. h3 Nf6 10. b3 O-O 11. Ba3 Qd8 12. Bxe7 Nxe7 13. Qxd4 Qxd4 14. Nxd4 Nf5
15. Nxf5 Bxf5 16. Na3 Bd7 17. Nb5 Bxb5 18. Bxb5 Rfd8 19. Rad1 Kf8 20. Bc4 h6 21.
g3 Ne8 22. Kg2 Rxd1 23. Rxd1 Nd6 24. Bd5 Re8 25. Kf1 Re5 26. Rd3 g5 27. b4 Ke7
28. a4 c6 29. Bf3 a5 30. c3 Kd7 31. Rd2 Kc7 32. Re2 Nc4 33. Rxe5 Nxe5 34. Ke2
Nxf3 35. Kxf3 b5 36. Ke4 bxa4 37. Kd3 axb4 38. cxb4 Kb6 0-1

[Event "World Cities Team KO"]
[Site "Al-Ain UAE"]
[Date "2012.12.26"]
[Round "2.10"]
[White "Ji, Dan"]
[Black "Guseinov, Gadir"]
[Result "1/2-1/2"]
[BlackTitle "GM"]
[WhiteElo "2341"]
[BlackElo "2628"]
[WhiteTeam "Wu Xi"]
[BlackTeam "Baku"]
[WhiteFideId "8601887"]
[BlackFideId "13401378"]
[EventDate "2012.12.22"]

1. e4 c5 2. Nf3 Nc6 3. d4 cxd4 4. Nxd4 g6 5. c4 Nf6 6. Nc3 Nxd4 7. Qxd4 d6 8.
Be3 Bg7 9. Be2 O-O 10. Qd2 Qa5 11. f3 Be6 12. Rc1 Rfc8 13. b3 a6 14. Nd5 Qxd2+
15. Kxd2 Nxd5 16. cxd5 Bd7 17. Rxc8+ Rxc8 18. Rc1 Rxc1 19. Kxc1 f5 20. Kd2 fxe4
21. fxe4 Be5 22. h3 Kf7 23. Bg4 Bxg4 24. hxg4 Ke8 25. Kd3 Kd7 26. Bd2 Ke8 27.
Be3 Kd7 28. Bd2 Ke8 29. Be3 Kd7 30. Bd2 1/2-1/2

[Event "World Cities Team KO"]
[Site "Al-Ain UAE"]
[Date "2012.12.26"]
[Round "2.11"]
[White "Mamedov, Rauf"]
[Black "Li, Wenliang"]
[Result "1-0"]
[WhiteTitle "GM"]
[BlackTitle "IM"]
[WhiteElo "2647"]
[BlackElo "2424"]
[WhiteTeam "Baku"]
[BlackTeam "Wu Xi"]
[WhiteFideId "13401653"]
[BlackFideId "8600490"]
[EventDate "2012.12.22"]

1. e4 Nf6 2. Nc3 d5 3. exd5 Nxd5 4. Nf3 Nc6 5. d4 Bg4 6. Be2 e6 7. O-O Nf6 8. h3
Bh5 9. Bb5 Bd6 10. Bg5 O-O 11. Bxc6 bxc6 12. Ne4 Be7 13. Bxf6 gxf6 14. Ng3 Bxf3
15. Qxf3 Qd5 16. Qd3 f5 17. c4 Qd6 18. Rad1 Bf6 19. Nh5 Bg5 20. d5 cxd5 21. cxd5
Rad8 22. Qc3 f6 23. f4 Bh6 24. Nxf6+ Kf7 25. dxe6+ Qxe6 26. Qxc7+ Qe7 27. Nd7 a6 1-0

[Event "World Cities Team KO"]
[Site "Al-Ain UAE"]
[Date "2012.12.26"]
[Round "2.12"]
[White "Fang, Yuxiang"]
[Black "Mamedov, Nidjat"]
[Result "0-1"]
[BlackTitle "GM"]
[WhiteElo "2103"]
[BlackElo "2602"]
[WhiteTeam "Wu Xi"]
[BlackTeam "Baku"]
[WhiteFideId "8605840"]
[BlackFideId "13400819"]
[EventDate "2012.12.22"]

1. d4 Nf6 2. Nf3 e6 3. c4 b6 4. a3 Bb7 5. Nc3 d5 6. Bg5 Be7 7. e3 Nbd7 8. Rc1
O-O 9. cxd5 exd5 10. Bd3 c5 11. O-O h6 12. Bh4 Ne4 13. Bxe7 Qxe7 14. dxc5 Nxc3
15. Rxc3 bxc5 16. b4 c4 17. Bc2 a5 18. b5 Qf6 19. Nd4 Nc5 20. a4 Rfe8 21. Qf3
Qxf3 22. gxf3 Kf8 23. Rd1 g6 24. Kf1 Nd7 25. Kg2 Nb6 26. Ra3 Ke7 27. Kf1 Kd6 28.
Ke2 Kc5 29. Rc3 Re5 30. f4 Rh5 31. Rh1 g5 32. f5 g4 33. Kd2 Nd7 34. Ra3 Rg8 35.
Raa1 Kb6 36. Rag1 Rhg5 37. Rg3 Nf6 38. Kc3 h5 39. Re1 Bc8 40. Rd1 Re8 41. h4
Rgg8 42. Re1 Bd7 43. Rd1 Re5 44. Re1 Rge8 45. Rd1 R8e7 46. Rgg1 Ne8 47. Rde1 f6
48. Kd2 Nd6 49. Rd1 Re8 50. Kc3 Kc5 51. Rb1 Kb6 52. Rbd1 Rg8 53. Nf3 Kc5 54.
Nxe5 fxe5 55. f3 Bxf5 56. Bxf5 Nxf5 57. Rxd5+ Kxd5 58. e4+ Kc5 59. exf5 gxf3 60.
f6 Rf8 61. Rg5 Kd5 62. b6 Ke4 63. Rg1 Rxf6 64. Rb1 f2 65. b7 Rf8 66. Kd2 Kf3 0-1

[Event "World Cities Team KO"]
[Site "Al-Ain UAE"]
[Date "2012.12.26"]
[Round "2.13"]
[White "Ivanisevic, Ivan"]
[Black "Grandelius, Nils"]
[Result "0-1"]
[WhiteTitle "GM"]
[BlackTitle "GM"]
[WhiteElo "2633"]
[BlackElo "2583"]
[WhiteTeam "Novi Sad"]
[BlackTeam "Lund-Linkoping"]
[WhiteFideId "912417"]
[BlackFideId "1710400"]
[EventDate "2012.12.22"]

1. d4 Nf6 2. c4 e6 3. Nc3 Bb4 4. e3 O-O 5. Ne2 d5 6. a3 Bd6 7. Ng3 c6 8. e4 Nxe4
9. Ngxe4 dxe4 10. Nxe4 Be7 11. f4 Nd7 12. Be3 b6 13. Qf3 Bb7 14. Nc3 Rb8 15.
O-O-O c5 16. Qf2 cxd4 17. Bxd4 Bc5 18. Bd3 Qf6 19. Bc2 e5 20. fxe5 Qxf2 21. Bxf2
Nxe5 22. Bg3 Rbe8 23. Rhe1 Nxc4 24. Rxe8 Rxe8 25. Rd7 Bxg2 26. Rxa7 h5 27. Rc7
Bh3 28. Be4 Be6 29. Bd5 Bxd5 30. Nxd5 Ne3 31. Rd7 Re4 32. b4 Nxd5 33. Rxd5 Be3+
34. Kc2 h4 35. Bc7 Rc4+ 36. Kd3 Rxc7 37. Kxe3 Rc3+ 38. Kf4 Rxa3 39. Kg4 Rc3 40.
Rb5 Rc4+ 41. Kh5 Kh7 42. Rxb6 h3 43. b5 f6 44. Rb7 Rc2 45. Kg4 Rxh2 46. Kg3 Rh1
47. b6 f5 48. Rb8 Kg6 49. Rc8 Rb1 50. Rc6+ Kh5 51. Kxh3 g5 52. Kg3 Rb3+ 53. Kf2
Kg4 54. Ke2 f4 55. Kd2 f3 56. Rg6 Kf4 0-1